films par métiers #14 - Statistiques

Statistiques générales
  • Ce quiz a été pris 66 fois
  • Le résultat moyen est 8 sur 20
Statistiques - réponses
Hint Réponse % Correct
Président et Fondateur de la société Oscorp (Norman Osborn) Spider-Man (2002)
73%
Majordome (Alfred Pennyworth) Batman Begins (2005)
70%
Guide (Eric) Les Randonneurs (1997)
64%
Leader de l'Armée de l'Atlantide, Capitaine (Murk) Aquaman (2018)
63%
Annonceur de Combat (Michael Buffer dans son propre rôle) Rocky Balboa (2006)
63%
Ancien Membre des Forces Spéciales/Conducteur Expert (Frank Martin) Le Transporteur (2002)
55%
Brigadier Chef (Grégory Cerva) Bac Nord (2020)
52%
Photographe pour un dictionnaire Médical en ligne (Romain Faubert) Supercondriaque (2014)
50%
Ingénieur et Alpiniste (Aron Ralston) 127 Heures (2010)
46%
Magicienne (Fin Raziel) Willow (1988)
45%
Caméraman (André) C'est Arrivé Près de Chez Vous (1992)
43%
Co-Dirigeant d'une salle de boxe régionale (Eddie "Scrap-Iron" Dupris) Million Dollar Baby (2004)
39%
Pêcheur (Solomon Vandy) Blood Diamond (2006)
32%
Pilote d'Avion/Entraîneur de Boxe (Georges "Jo" Cavalier) L'As des As (1982)
25%
Domestique et Nounou (Madame Bertha Mills) Les Autres (2001)
25%
Programmeur du MIT (James Clayton) La Recrue (2003)
23%
Inspecteur (Will Dormer) Insomnia (2002)
21%
Expert Universitaire en Psychiatrie Criminelle et Consultant au FBI (Dr Jack Graham) 88 Minutes (2007)
20%
Professeur de Mathématiques (Ronald Lisbon) Virgin Suicides (1999)
16%
Gardien-Chef (Hamidou) Midnight Express (1978)
13%
Aucun quiz correspondant
Distribution des résultats
% des personnes avec chaque résultat
Percentile par nombre de réponses
Votre historique - résultats
Vous n’avez pas pris ce quiz